| 000 | 00453nam a22001697a 4500 | ||
|---|---|---|---|
| 005 | 20251108164126.0 | ||
| 008 | 250721s1982 xx 000 0 ara d | ||
| 082 | 1 | 4 | _a218.9/محم |
| 100 | 1 | _aشرف، محمد ياسر | |
| 245 | 1 | 0 | _aالتصوف العربي / |
| 264 | 1 |
_aالقاهرة : _bدار الهلال، _c1982. |
|
| 300 | _a146ص. | ||
| 490 | 0 | _aكتاب الهلال | |
| 650 | 1 | 7 | _aالصوفية |
| 942 |
_2ddc _cBK |
||
| 999 |
_c4280 _d4280 |
||